Les Légendaires - Tomes - Statistiques

Statistiques générales
  • Ce quiz a été pris 236 fois
    158 depuis la dernière actualisation
  • Le résultat moyen est 19 sur 43
Statistiques - réponses
Numéro du tome Nom du tome % Correct
1 La Pierre de Jovénia
89%
Origines - 1 Danaël
85%
Origines - 2 Jadina
85%
Origines - 4 Shimy
85%
Origines - 5 Razzia
83%
Origines - 3 Gryfenfer
79%
2 Le Gardien
74%
18 La fin de l'histoire ?
69%
7 Aube et Crépuscule
66%
3 Frères Ennemis
63%
12 (Cycle d'Anathos) Renaissance
63%
5 Coeur du Passé
60%
9 (Cycle d'Anathos) L'Alystory
60%
17 L'Exode de Kalandre
57%
6 Main du Futur
57%
8 Griffes et Plumes
56%
16 L'éternité ne dure qu'un temps
56%
4 Le Réveil du Kréa-Kaos
55%
11 (Cycle d'Anathos) Versus Inferno
54%
13 Sang Royal
52%
15 Amour Mortel
51%
10 (Cycle d'Anathos) La Marque du Destin
48%
14 L'Héritage du Mal
48%
19 (Cycle World Without) Artémus le Légendaire
47%
Les Chroniques de Darkhell - 1 Ténébris
46%
23 (Cycle World Without) Les Cicatrices du Monde
37%
21 (Cycle World Without) La Bataille du Néant
35%
20 (Cycle World Without) Le Royaume des Larmes
35%
22 (Cycle World Without) Les Eveillés
33%
Résistance - 4 La Tour des Mensonges
30%
Résistance - 1 Les Dieux sont Amour
28%
Résistance - 2 Exmakina
20%
Les Chroniques de Darkhell - 3 La Sentence des Ombres
20%
Les Chroniques de Darkhell - 4 Le Rêve d'Ultima
19%
Les Chroniques de Darkhell - 2 La Croisée Sanglante
18%
Les Chroniques de Darkhell - 5 Alliances
15%
Résistance - 3 Le sanctuaire de la mort
12%
Stories - 2 Halan et l'oeil de Darnad
6%
Stories - 4 Shyska et la source élémentaire
6%
Stories - 5 Kel-Cha et le destin de Jaguarys
5%
Stories - 6 Shamira et les Milices Fantômes
5%
Stories - 1 Toopie et le tournoi de Cirkarar
5%
Stories - 3 Ténébris et l'île du Dordogon
4%
Aucun quiz correspondant
Distribution des résultats
% des personnes avec chaque résultat
Percentile par nombre de réponses
Votre historique - résultats
Vous n’avez pas pris ce quiz depuis la dernière actualisation